|
|
|
|
| LEADER |
01044nam a2200253 a 4500 |
| 001 |
2067549 |
| 008 |
090730s1994 nyu b 001 0 eng d |
| 010 |
|
|
|a 94006829
|
| 020 |
|
|
|a 0805783458 (alk. paper)
|
| 040 |
|
|
|a DLC
|c DLC
|d DLC
|
| 082 |
0 |
0 |
|a 823/.8
|2 20
|
| 100 |
1 |
|
|a Bauer, Helen Pike.
|
| 245 |
1 |
0 |
|a Rudyard Kipling :
|b a study of the short fiction /
|c Helen Pike Bauer.
|
| 260 |
|
|
|a New York :
|b Twayne ;
|a Toronto :
|b Maxwell Macmillan Canada,
|c c1994.
|
| 300 |
|
|
|a xix, 162 p. ;
|c 23 cm.
|
| 490 |
0 |
|
|a Twayne's studies in short fiction ;
|v no. 58
|
| 504 |
|
|
|a Includes bibliographical references (p. 150-158) and index.
|
| 541 |
1 |
|
|e 00016573
|
| 600 |
1 |
0 |
|a Kipling, Rudyard,
|d 1865-1936
|x Criticism and interpretation.
|
| 650 |
|
0 |
|a Adventure stories, English
|x History and criticism.
|
| 650 |
|
0 |
|a Short story.
|
| 852 |
4 |
|
|a Ayesha Abed Library
|j General shelf
|
| 999 |
|
|
|c 2993
|d 2993
|
| 952 |
|
|
|0 0
|1 0
|2 ddc
|4 0
|6 823_800000000000000_BAU
|7 0
|9 2708
|a BRACUL
|b BRACUL
|c GEN
|d 2009-08-18
|l 1
|o 823.8 BAU
|p 3010016573
|r 2012-12-22
|s 2012-10-22
|t 1
|w 2009-08-18
|y BK
|